| 000 | 00810nam a22002297a 4500 | ||
|---|---|---|---|
| 003 | OSt | ||
| 005 | 20251117150249.0 | ||
| 008 | 251117b |||||||| |||| 00| 0 eng d | ||
| 020 | _a971-550-470-1. | ||
| 040 |
_aDWCL-Main lib _cOC |
||
| 082 |
_2Rev. ed. _aFIL.616.89 Es78 2004 |
||
| 100 | _aOrtigas, Carmela D.* | ||
| 245 |
_aEssence of wellness : _bessays in the philippine clinical and counseling psychology rev. ed./ _cOrtigas, Carmela D.* |
||
| 250 | _aRev. ed. | ||
| 260 |
_aQuezon City : _bADMU Press, _cc2004. |
||
| 300 |
_axviii, 67 p. : ill. ; 23 cm. _b: ill. ; _c23 cm. |
||
| 504 | _aIncludes bibliographical references. | ||
| 650 | _aClinical psychology-Philippines. | ||
| 650 | _aCounseling-Philippines. | ||
| 700 | _aArellano-Carandang, MA. Lourdes. | ||
| 942 |
_2ddc _cBK - FIL _eRev. ed. _kFil. _n0 |
||
| 999 |
_c5727 _d5727 |
||